Do Not Travel countries according to Taiwan - Statistics

General Stats
  • This quiz has been taken 126 times
  • The average score is 28 of 43
Answer Stats
Answer % Correct
North Korea
91%
Russia
91%
Syria
88%
Iraq
86%
Ukraine
84%
Afghanistan
80%
Democratic Republic of the Congo
80%
Yemen
80%
Somalia
79%
Sudan
79%
Mali
78%
Niger
78%
South Sudan
77%
Congo
76%
Libya
76%
Venezuela
73%
Central African Republic
71%
Mauritania
71%
Belarus
70%
Nigeria
70%
Eritrea
69%
Lebanon
69%
Uganda
69%
Burkina Faso
68%
Zimbabwe
68%
Pakistan
66%
Ethiopia
65%
Guinea
65%
Djibouti
64%
Haiti
64%
Benin
63%
Burundi
62%
Cameroon
59%
Gabon
58%
Togo
56%
Senegal
55%
Palestine
54%
Malawi
52%
Equatorial Guinea
46%
Papua New Guinea
39%
Tunisia
27%
Somaliland
19%
New Caledonia
12%
No matching quizzes found
Score Distribution
Percent of People with Each Score
Percentile by Number Answered
Your Score History
You have not taken this quiz